| 000 | 00378cam a2200145 a 4500 | ||
|---|---|---|---|
| 040 | _cDLC | ||
| 082 | 0 | 0 | _a613 BRO 1996 A106 Or. |
| 245 | 0 | 0 | _aConnections for health / |
| 250 | _a4th ed. | ||
| 260 |
_aMadison, Wis. : _bBrown & Benchmark, _cc1996. |
||
| 300 |
_axvi, 687 p. : _bill. (chiefly col.) ; _c28 cm. |
||
| 650 | 0 | _aHealth. | |
| 700 | 1 | _aMullen, Kathleen D. | |
| 942 | _cEK | ||
| 999 |
_c16749 _d16749 |
||